| 000 | 00827nam a2200265 a 4500 | ||
|---|---|---|---|
| 001 | 17187 | ||
| 003 | BD-RjUL | ||
| 005 | 20211209000113.0 | ||
| 008 | 140216s1948 enk 000 0 eng d | ||
| 035 |
_aOCLC ocm04445758 from D951213M _a(BD-RjUL) 17244 |
||
| 040 |
_aDLC _cIRU _dBD-RjUL _beng |
||
| 041 | _aeng | ||
| 082 |
_a813.4 _bJAW 1948 |
||
| 090 |
_aPS2116 _b.W5 1948 |
||
| 100 | 1 |
_aJames, Henry, _d1843-1916. _953001 |
|
| 245 | 1 | 4 |
_aThe wings of the dove / _cby Henry James |
| 260 |
_aLondon : _bEyre & Spottiswoode, _c1948. |
||
| 300 |
_ax, 413 p. : _c18 cm. |
||
| 490 | 1 |
_aCentury library ; _vno. 6 |
|
| 650 |
_aAmericans Travel Italy Venice Fiction _953002 |
||
| 830 | 0 |
_vno. 6 _953010 |
|
| 700 | 1 |
_aRead, Herbert, _d1893-1968. _94403 |
|
| 830 | 0 |
_aCentury library (Eyre & Spottiswoode) ; _953011 |
|
| 942 |
_2ddc _cBK |
||
| 999 |
_c17187 _d17187 |
||